书目信息 |
| 题名: |
梁启超与胡适
|
|
| 作者: | 董德福 著 | |
| 分册: | ||
| 出版信息: | 长春 吉林人民出版社 2005 |
|
| 页数: | 500页 | |
| 开本: | 20cm | |
| 丛书名: | ||
| 单 册: | ||
| 中图分类: | B259.15 , B261.5 | |
| 科图分类: | ||
| 主题词: | ||
| 电子资源: | ||
| ISBN: | 7-206-04308-9 | |
| 000 | 01048nam0 2200301 45 | |
| 001 | 0120050101601 | |
| 005 | 20070709094015.60 | |
| 010 | @a7-206-04308-9@dCNY40.00 | |
| 092 | @aCN@b471360 | |
| 100 | @a20051016d2005 em y0chiy0110 ea | |
| 101 | 0 | @achi |
| 102 | @aCN@b220000 | |
| 105 | @aa z 000yd | |
| 200 | 1 | @a梁启超与胡适@9liang qi chao yu hu shi@e两代知识分子学思历程的比较研究@f董德福著 |
| 205 | @a2版 | |
| 210 | @a长春@c吉林人民出版社@d2005 | |
| 215 | @a500页@c照片@d20cm | |
| 330 | @a本书以梁启超和胡适为切入点,通过对两人的思想等的比较研究,对近现代时期的时代变迁、文化的转型和思想变动的轨迹进行探讨。 | |
| 517 | 1 | @a两代知识分子学思历程的比较研究@9liang dai zhi shi fen zi xue si li cheng de bi jiao yan jiu |
| 600 | 0 | @a梁启超@f(1873~1929)@x思想评论 |
| 600 | 0 | @a胡适@f(1891~1962)@x思想评论 |
| 600 | 0 | @a梁启超@f(1873~1929) |
| 600 | 0 | @a胡适@f(1891~1962) |
| 690 | @aB259.15@v4 | |
| 690 | @aB261.5@v4 | |
| 701 | 0 | @a董德福@9dong de fu@4著 |
| 801 | 0 | @aCN@bLZJBOOK@c20070709 |
| 905 | @a10447@dB259.15@e46=2 | |
| 梁启超与胡适:两代知识分子学思历程的比较研究/董德福著.-2版.-长春:吉林人民出版社,2005 |
| 500页:照片;20cm |
| ISBN 7-206-04308-9:CNY40.00 |
| 本书以梁启超和胡适为切入点,通过对两人的思想等的比较研究,对近现代时期的时代变迁、文化的转型和思想变动的轨迹进行探讨。 |
| ● |
| 相关链接 |
|
|
|
|
正题名:梁启超与胡适
索取号:B259.15/46=2
 
预约/预借
| 序号 | 登录号 | 条形码 | 馆藏地/架位号 | 状态 | 备注 |
| 1 | 0558125 | 205581253 | 第一样本阅览室/ [索取号:B259.15/46=2] | 在馆 | |
| 2 | 0558126 | 205581262 | 第一借阅区/ [索取号:B259.15/46=2] | 在馆 | |
| 3 | 0558127 | 205581271 | 第一借阅区/ [索取号:B259.15/46=2] | 在馆 | |
| 4 | 0558128 | 205581280 | 密集书库/ [索取号:B259.15/46=2] | 在馆 | |
| 5 | 0558129 | 205581299 | 密集书库/ [索取号:B259.15/46=2] | 在馆 | |
| 6 | 0558130 | 205581306 | 密集书库/ [索取号:B259.15/46=2] | 在馆 | |
| 7 | 0558131 | 205581315 | 第一借阅区/ [索取号:B259.15/46=2] | 在馆 | |
| 8 | 0558132 | 205581324 | 密集书库/ [索取号:B259.15/46=2] | 在馆 | |
| 9 | 0558133 | 205581333 | 第一借阅区/ [索取号:B259.15/46=2] | 在馆 |